000 00348nam a22001337a 4500
008 250320b |||||||| |||| 00| 0 eng d
020 _a9780325522
050 _aPN1010
_b.D37
100 _aDASYLVA, O . Ademola
245 _aStudies in Poetry
260 _aBenin City
_bStirling-Horden Publishers Nig. Ltd.
_c2005
300 _ax, 225p.
942 _cBK
999 _c2534
_d2534